000 00466nam a2200169 a 4500
005 20140412111342.0
008 031016s19uu xx 00 eng d
020 _a0-448-48612-1
050 _aER
_bAm35 1986
245 _aAn American tail :
_bthe storybook.
260 _aColumbus, Ohio :
_bAmblin Entertainment,
_c1986.
300 _a75 p. ; ill.
440 _aWeekly Reader Books
650 _aMice--Fiction
650 _aFriendship--Fiction
999 _c105135
_d105135